Clinical pharmacology / (Record no. 21771)
[ view plain ]
| 000 -LEADER | |
|---|---|
| fixed length control field | 01009cam a22003015a 4500 |
| 001 - CONTROL NUMBER | |
| control field | 16970176 |
| 005 - DATE AND TIME OF LATEST TRANSACTION | |
| control field | 20160517153612.0 |
| 008 - FIXED-LENGTH DATA ELEMENTS--GENERAL INFORMATION | |
| fixed length control field | 110919r20132012stka frb 001 0 eng d |
| 010 ## - LIBRARY OF CONGRESS CONTROL NUMBER | |
| LC control number | 2011039344 |
| 020 ## - INTERNATIONAL STANDARD BOOK NUMBER | |
| International Standard Book Number | 9780808924319 (International ISBN) |
| 035 ## - SYSTEM CONTROL NUMBER | |
| System control number | (DNLM)101569517 |
| 040 ## - CATALOGING SOURCE | |
| Original cataloging agency | DNLM/DLC |
| Language of cataloging | eng |
| Transcribing agency | DLC |
| Modifying agency | DLC |
| -- | EG-ScBUE |
| 082 04 - DEWEY DECIMAL CLASSIFICATION NUMBER | |
| Classification number | 615.1 |
| Item number | BEN |
| Edition number | 22 |
| 100 1# - MAIN ENTRY--PERSONAL NAME | |
| Personal name | Bennett, P. N. |
| 9 (RLIN) | 40015 |
| 245 10 - TITLE STATEMENT | |
| Title | Clinical pharmacology / |
| Statement of responsibility, etc | Peter N. Bennett, Morris J. Brown, Pankaj Sharma. |
| 250 ## - EDITION STATEMENT | |
| Edition statement | 11th ed., International ed. |
| 260 ## - PUBLICATION, DISTRIBUTION, ETC. (IMPRINT) | |
| Place of publication, distribution, etc | Edinburgh : |
| Name of publisher, distributor, etc | Churchill Livingstone / Elsevier, |
| Date of publication, distribution, etc | 2013. |
| 300 ## - PHYSICAL DESCRIPTION | |
| Extent | xi, 667 p. : |
| Other physical details | ill. (col.) ; |
| Dimensions | 25 cm. |
| 500 ## - GENERAL NOTE | |
| General note | Index : p. 627-667. |
| 500 ## - GENERAL NOTE | |
| General note | Reprint of the 2012 ed. |
| 504 ## - BIBLIOGRAPHY, ETC. NOTE | |
| Bibliography, etc | Includes bibliographical references. |
| 650 #7 - SUBJECT ADDED ENTRY--TOPICAL TERM | |
| Topical term or geographic name as entry element | Clinical pharmacology. |
| Source of heading or term | BUEsh |
| 9 (RLIN) | 38454 |
| 651 ## - SUBJECT ADDED ENTRY--GEOGRAPHIC NAME | |
| Source of heading or term | BUEsh |
| 653 ## - INDEX TERM--UNCONTROLLED | |
| Resource For college | Pharmacy |
| Arrived date list | May2016 |
| 700 1# - ADDED ENTRY--PERSONAL NAME | |
| Personal name | Brown, M. J. |
| Fuller form of name | (Morris Jonathan) |
| 9 (RLIN) | 40016 |
| 700 1# - ADDED ENTRY--PERSONAL NAME | |
| Personal name | Sharma, Pankaj |
| Titles and other words associated with a name | (Neurologist) |
| 9 (RLIN) | 40017 |
| 942 ## - ADDED ENTRY ELEMENTS (KOHA) | |
| Source of classification or shelving scheme | Dewey Decimal Classification |
| Withdrawn status | Item status | Source of classification or shelving scheme | Damaged status | Not for loan | Vendor | Home library | Current library | Shelving location | Date acquired | Source of acquisition | Cost, normal purchase price | Serial Enumeration / chronology | Total Checkouts | Full call number | Barcode | Checked out | Date last seen | Date last borrowed | Cost, replacement price | Koha item type |
|---|---|---|---|---|---|---|---|---|---|---|---|---|---|---|---|---|---|---|---|---|
| Dewey Decimal Classification | Alahram | Central Library | Central Library | First floor | 17/05/2016 | Purchase | 312.00 | 4 | 1 | 615.1 BEN | 000032529 | 09/03/2023 | 07/02/2023 | 07/02/2023 | 390.00 | Book - Borrowing |